Destruir la pintura
Enregistré dans:
| Auteur principal: | |
|---|---|
| Format: | Livre |
| Langue: | espagnol |
| Publié: |
Buenos Aires
Fiordo
2015
|
| Édition: | 1a. ed |
| Collection: | No Ficción, 04
|
| Sujets: | |
| Tags: |
Ajouter un tag
Pas de tags, Soyez le premier à ajouter un tag!
|
MARC
| LEADER | 00000cam a2200000 a 4500 | ||
|---|---|---|---|
| 001 | UCE9243 | ||
| 003 | CL-VaPUC | ||
| 008 | 151009e20150000ag |||||||||||||||||spa|d | ||
| 020 | |a 9789874568816 | ||
| 082 | 0 | 4 | |a 750 |b MAR |2 21 |
| 100 | |a Marin, Louis |e autor |9 582009 | ||
| 245 | 1 | 0 | |a Destruir la pintura |
| 250 | |a 1a. ed | ||
| 300 | |a 289 p | ||
| 942 | |c BK | ||
| 945 | |d 20151009 15:17:00 |a arojas | ||
| 260 | |a Buenos Aires |b Fiordo |c 2015 | ||
| 600 | 0 | 7 | |a POUSSIN, NICOLAS |2 CL-VaPUC |9 319353 |
| 600 | 0 | |a Caravaggio, Michelangelo Merisi da |d 1571-1610 |9 352672 | |
| 650 | 0 | |a Ensayos |9 268724 | |
| 650 | 0 | |a Pintura |9 265046 | |
| 650 | 7 | |a CLASICISMO |2 CL-VaPUC |9 268682 | |
| 650 | 0 | |a Pintura barroca |9 266157 | |
| 583 | |a last modification |c 20151009 15:17:00 |k Rodrigo Vera | ||
| 490 | 0 | |a No Ficción, 04 | |
| 999 | |c 360913 |d 360911 | ||
| 952 | |0 0 |1 0 |3 erb |4 0 |6 750_000000000000000_MAR_2015 |7 0 |8 A |9 471189 |a BIBART |b BIBART |i 5241979 |o 750 MAR 2015 |p 5241979 |r 2025-03-13 |w 2019-11-24 |y BK |z Catalogado en:20151009 |k ART | ||